Emotional and behavioral problems of young children : (Record no. 7528)

MARC details
000 -LEADER
fixed length control field 00895nam a22002297a 4500
003 - CONTROL NUMBER IDENTIFIER
control field OSt
005 - DATE AND TIME OF LATEST TRANSACTION
control field 20260119034344.0
008 - FIXED-LENGTH DATA ELEMENTS--GENERAL INFORMATION
fixed length control field 260119b |||||||| |||| 00| 0 eng d
020 ## - INTERNATIONAL STANDARD BOOK NUMBER
International Standard Book Number 1-57230-861-3
040 ## - CATALOGING SOURCE
Original cataloging agency DWC-Main lib
Transcribing agency OC
082 ## - DEWEY DECIMAL CLASSIFICATION NUMBER
Classification number Circ. 618.92'8 G491 2003
100 ## - MAIN ENTRY--PERSONAL NAME
Personal name Gimpel, G.
245 ## - TITLE STATEMENT
Title Emotional and behavioral problems of young children :
Remainder of title effective interventions in the preschool and kindergarten years
Statement of responsibility, etc. Gimpel, Gretchen A.
260 ## - PUBLICATION, DISTRIBUTION, ETC.
Place of publication, distribution, etc. New york , London :
Name of publisher, distributor, etc. the Guilford Press,
Date of publication, distribution, etc. c2003
300 ## - PHYSICAL DESCRIPTION
Extent xi, 176 pages ;
Other physical details illustration ;
Dimensions 28 cm.
504 ## - BIBLIOGRAPHY, ETC. NOTE
Bibliography, etc. note Includes bibliographical references and index
650 ## - SUBJECT ADDED ENTRY--TOPICAL TERM
Source of heading or term Adjustment disorders in children
650 ## - SUBJECT ADDED ENTRY--TOPICAL TERM
Source of heading or term Kindergarten
650 ## - SUBJECT ADDED ENTRY--TOPICAL TERM
Source of heading or term Preschool children-mental health
700 ## - ADDED ENTRY--PERSONAL NAME
Personal name Holland, Melissa L.
942 ## - ADDED ENTRY ELEMENTS (KOHA)
Source of classification or shelving scheme Dewey Decimal Classification
Koha item type Book Circulation
Classification part Circ. 618.92'8 G491 2003
Call number prefix Circ.
Suppress in OPAC No
952 ## - LOCATION AND ITEM INFORMATION (KOHA)
--
Holdings
Withdrawn status Lost status Source of classification or shelving scheme Damaged status Not for loan Home library Current library Shelving location Date acquired Source of acquisition Total Checkouts Full call number Barcode Date last seen Copy number Price effective from Koha item type Uniform Resource Identifier
    Dewey Decimal Classification     College Library College Library Circulation 07/22/2005 Donation   Circ. 618.92'8 G491 2003 CL42123 01/19/2026 c1 01/19/2026 BK-CIRC